|
|
|
|
| LEADER |
00637nam a22001812a 4500 |
| 001 |
001385957 |
| 003 |
CZ BrMZK |
| 005 |
20140509082437.0 |
| 007 |
ta |
| 008 |
140509s1933 xr er|||||||||||cze d |
| 040 |
|
|
|a BOA001
|b cze
|
| 100 |
1 |
|
|a Bursík, Jaroslav,
|d -1969
|7 jk01020434
|4 aut
|
| 245 |
1 |
0 |
|a Nový způsob dimensování sloupů namáhaných tlakem vzpěrným :
|b Pro konstrukce dřevěné a železobetonové /
|c Jaroslav Bursík
|
| 260 |
|
|
|a Praha
|b [J.R. Vilímek]
|c [1933]
|
| 300 |
|
|
|a 16 s.
|
| 910 |
|
|
|a BOA001
|b TK-0019.396
|
| 990 |
|
|
|a BK
|
| 996 |
6 |
|
|b BC-1374665
|c TK-0019.396
|l MZK
|r Sklad / do 24 hodin
|n 0
|w 001420745
|u 000010
|a 1
|e BOA001
|j MZK50
|s P
|